Valentine's Day Candy Click Quiz Stats

 Plays Quiz Updated Feb 14, 2018

Score 0/20 Timer 03:00
1 Play Today
% Correct
Chocolate Rose
93.6%
Box of Chocolates
93.4%
Chocolate Lips
92.9%
M&M's
92.6%
Heart Ring Pop
92.4%
Chocolate Strawberry
92.4%
Solid Chocolate Heart
91%
Pez
88.7%
Hershey's Kisses
87.7%
Jelly Bellies
86.3%
% Correct
York Peppermint Patties
86.1%
Sucker for Love
84.2%
Red Hots
83.8%
Sour Heart Gummies
81.7%
Peeps
79.8%
Sweethearts
79.4%
Lindt Lindor Truffles
78.2%
Reese's Hearts
77.1%
Gobstoppers Heartbreakers
71.5%
Sweetarts
70.3%

You're not logged in!

Compare scores with friends on all Sporcle quizzes.
OR
Log In

You Might Also Like...

Show Comments

Extras

Top Quizzes Today


Score Distribution

Your Account Isn't Verified!

In order to create a playlist on Sporcle, you need to verify the email address you used during registration. Go to your Sporcle Settings to finish the process.

Report this User

Report this user for behavior that violates our Community Guidelines.

Details: